| 000 | 00698nam a22001937a 4500 | ||
|---|---|---|---|
| 999 |
_c182338 _d182338 |
||
| 005 | 20211110105906.0 | ||
| 010 | _aUR-11317 | ||
| 020 |
_c450.00 _a9789390789184 |
||
| 035 | _aU-9872 | ||
| 037 | _bDBAD/PUB | ||
| 082 | _a844.08 | ||
| 100 | _aہما يو ں ا شر ف | ||
| 245 |
_aفکشن سے پر ے (تحقيقی و تنقيد ی مضا مين) _cہما يو ں ا شر ف |
||
| 246 |
_aFiction Se Pare (Tehqeequi Wa Tanqeedi Mazameen)(Urdu) _bby Himayion Ashraf |
||
| 260 |
_aN.Delhi _c2021 ء _bEducational Publishing House |
||
| 270 |
_aD1/16,Ansari Road,Darya Ganj, _bNew Delhi _e110002 _l - |
||
| 300 |
_a451 ص _c22 Cm(Hb) |
||
| 942 |
_2ddc _cUR _h844.08 _mہ ی م |
||